03027nam a2200229Ia 4500003000400000005001700004008004100021040002100062041000800083082002400091111006000115245017300175260004900348300006800397500013400465504003800599505039000637520168701027650003602714650002702750650002002777OSt20211026155437.0210310s2012 cl ad fr 100 0 spa d aCO-JMCRcCO-JMCR0 aspa04a338.98 /bS493c2232 aSesiones de la CEPAL n(34° : d2012 : cSan Salvador)10aCambio estructural para la igualdad : buna visión integrada del desarrollo / ctrigésimo cuarto período de sesiones de la CEPAL, San Salvador, 27 al 31 de agosto aSantiago : bNaciones Unidas : Cepal, c2012 a328 páginas : bilustraciones y gráficas a color ; c29 cm. aIncluye notas a pie de página. "Trigésimo cuarto período de sesiones de la Cepal, San Salvador, 27 a 31 de agosto"--Portada aBibliografía: páginas 301-3280 aCambio estructural para el desarrollo -- Estructura, especialización y crecimiento -- Ciclo económico e inversión -- Macroeconomía y estructura productiva -- Heterogeneidad estructural, segmentación laboral y desigualdad social -- Políticas para una visión integrada del desarrollo -- Reflexiones finales: El Estado y la política en la visión integrada del desarrollo3 aEn un contexto mundial particularmente complejo, América Latina y el Caribe requiere, con más fuerza que nunca, perseverar en tres direcciones para alcanzar el necesario desarrollo: el cambio estructural que permita avanzar hacia sectores más intensivos en conocimiento, la convergencia para reducir las brechas internas y externas de ingresos y productividad, y la igualdad de derechos. Esto supone tres grandes desafíos: lograr un crecimiento sostenido a tasas elevadas, suficientes para cerrar brechas estructurales y generar empleos de calidad: cambiar los patrones de consumo y producción en el contexto de una verdadera revolución tecnológica con sostenibilidad ambiental, y garantizar la igualdad sobre la base de una estructura productiva más convergente, con protección social universal y construcción de capacidades. Para ello se requiere el regreso de la política y del Estado, que recupera su rol en la promoción de la inversión y el crecimiento, la redistribución y la regulación, con vistas al cambio estructural para la igualdad, mediante políticas industriales, macroeconómicas, sociales y laborales. Estas son algunas de las propuestas centrales de Cambio estructural para la igualdad: Una visión integrada del desarrollo, documento presentado por la CEPAL a los Estados miembros, en ocasión del trigésimo cuarto período de sesiones de la Comisión (San Salvador, agosto de 2012). En ellas se profundizan y amplían los planteamientos formulados en La Hora de la igualdad: Brechas por cerrar, caminos por abrir, en aras de un desarrollo sostenible con igualdad, teniendo presente la diversidad de realidades nacionales. 14aDesarrollo económico y social24aPolítica económica24aMacroeconomía